000 00317nam a2200121Ia 4500
008 190216s9999||||xx |||||||||||||| ||und||
100 _aAtkins P W&Amp; Friedman R S
245 0 _aMolecular Quantum Mechanics
260 _bOxford University Press
_c2001
300 _a545p
650 _aChemistry-Chemistry
942 _cBK
999 _c2994
_d2994